Introduction to operations research / (Record no. 9038)
[ view plain ]
| 000 -LEADER | |
|---|---|
| fixed length control field | 00887nac a22002171u 4500 |
| 010 ## - LIBRARY OF CONGRESS CONTROL NUMBER | |
| LC control number | 00025683 |
| 020 ## - INTERNATIONAL STANDARD BOOK NUMBER | |
| International Standard Book Number | 0072321695 (alk. paper) |
| 082 00 - DEWEY DECIMAL CLASSIFICATION NUMBER | |
| Classification number | 658.4034 |
| Item number | HIL |
| 090 ## - LOCALLY ASSIGNED LC-TYPE CALL NUMBER (OCLC); LOCAL CALL NUMBER (OCLC) | |
| -- | 9038 |
| -- | 9038 |
| 100 ## - MAIN ENTRY--PERSONAL NAME | |
| Personal name | Hillier, Frederick S. |
| 245 10 - TITLE STATEMENT | |
| Title | Introduction to operations research / |
| Statement of responsibility, etc | Frederick S. Hillier, Gerald J. Lieberman ; cases developed by Karl Schmedders and Molly Stephens ; tutorial software developed by Mark Hillier and Michael O'Sullivan. |
| 250 ## - EDITION STATEMENT | |
| Edition statement | 7th ed. |
| 260 ## - PUBLICATION, DISTRIBUTION, ETC. (IMPRINT) | |
| Place of publication, distribution, etc | Boston : |
| Name of publisher, distributor, etc | McGraw-Hill,2001 |
| Date of publication, distribution, etc | c2001. |
| 300 ## - PHYSICAL DESCRIPTION | |
| Extent | xxix, 1214 p. : |
| Other physical details | ill. ; |
| Dimensions | 24 cm. |
| Accompanying material | +1 computer laser optical discs (4 3/4 in.) |
| 500 ## - GENERAL NOTE | |
| General note | distributer: Fathy Taha Mohamed Desouky |
| 500 ## - GENERAL NOTE | |
| General note | Includes index |
| 511 ## - PARTICIPANT OR PERFORMER NOTE | |
| Participant or performer note | catalogued by: wessam |
| 650 #0 - SUBJECT ADDED ENTRY--TOPICAL TERM | |
| Topical term or geographic name as entry element | Operations research. |
| 700 1# - ADDED ENTRY--PERSONAL NAME | |
| Personal name | Lieberman, Gerald J. |
| 942 ## - ADDED ENTRY ELEMENTS (KOHA) | |
| Item type | Book - Borrowing |
| Call number prefix | 658.4034HIL |
| Withdrawn status | Item status | Damaged status | Not for loan | Home library | Current library | Shelving location | Date acquired | Source of acquisition | Total Checkouts | Full call number | Barcode | Date last seen | Cost, replacement price | Koha item type |
|---|---|---|---|---|---|---|---|---|---|---|---|---|---|---|
| Central Library | Central Library | First floor | 07/04/2008 | Purchase | 658.4034HIL | 000010482 | 15/07/2025 | 50.00 | Book - Borrowing |